Groups of Countries #4 - Statistics

General Stats
  • This quiz has been taken 505 times
  • The average score is 23 of 25
Answer Stats
Group Country % Correct
Stan Countries Afghanistan
98%
Turkmenistan
98%
Uzbekistan
98%
Kazakhstan
97%
Pakistan
97%
Tajikistan
97%
Vatican City
97%
Kyrgyzstan
96%
African Island Countries Madagascar
96%
San Marino
96%
European Microstates Andorra
95%
Liechtenstein
95%
Monaco
95%
African Island Countries Cape Verde
92%
African Island Countries Seychelles
92%
Malaysia
91%
African Island Countries Mauritius
90%
*Countries that Contain 'New' New Zealand
90%
African Island Countries Comoros
89%
*Countries that Contain 'New' Papua New Guinea
89%
African Island Countries Sao Tome
88%
East Timor
87%
Indonesia
87%
Singapore
87%
Greater Indonesia Brunei
85%
No matching quizzes found
Score Distribution
Percent of People with Each Score
Percentile by Number Answered
Your Score History
You have not taken this quiz